| 000 | 00400nam a22001577a 4500 | ||
|---|---|---|---|
| 003 | NUST - PNEC | ||
| 005 | 20170116181119.0 | ||
| 008 | 151004b xxu||||| |||| 00| 0 eng d | ||
| 040 | _cLIBRARY | ||
| 082 | _a950 PAN | ||
| 100 |
_913418 _aPanikkar, K. M. |
||
| 245 |
_a India and the Indian ocean _cPanikkar, K. M. |
||
| 260 | _c1945 | ||
| 650 |
_93077 _aSea- Power _xGeneral |
||
| 942 |
_2ddc _cBK |
||
| 999 |
_c69504 _d69504 |
||